[Event "24. Torneo Colllado Villalba"]
[Site "Collado Villalba ESP"]
[Date "2007.08.23"]
[Round "1.1"]
[White "Menor Villamor, Jose Carlos"]
[Black "Teske, Henrik"]
[Result "0-1"]
[WhiteElo "2032"]
[BlackElo "2578"]
[PlyCount "36"]
[EventDate "2007.08.23"]
[EventType "swiss"]
[EventRounds "9"]
[EventCountry "ESP"]
[Source "lmi"]
[SourceDate "2007.08.23"]

1. e4 c5 2. d4 cxd4 3. c3 d5 4. exd5 Nf6 5. c4 e6 6. dxe6 Bxe6 7. Nf3 Nc6 8.
Be2 Bb4+ 9. Kf1 a5 10. Bg5 O-O 11. a3 Be7 12. Qd3 Qb6 13. b3 g6 14. Nh4 Ne5 15.
Qg3 d3 16. Qxe5 Nd7 17. Qe3 dxe2+ 18. Kxe2 Qxe3+ 0-1

[Event "24. Torneo Colllado Villalba"]
[Site "Collado Villalba ESP"]
[Date "2007.08.23"]
[Round "1.2"]
[White "Suba, Mihai"]
[Black "Serrano Nunez, Dario"]
[Result "1-0"]
[WhiteElo "2525"]
[BlackElo "2028"]
[PlyCount "53"]
[EventDate "2007.08.23"]
[EventType "swiss"]
[EventRounds "9"]
[EventCountry "ESP"]
[Source "lmi"]
[SourceDate "2007.08.23"]

1. c4 Nf6 2. Nc3 c5 3. Nf3 Nc6 4. d4 cxd4 5. Nxd4 g6 6. e4 d6 7. f3 Bg7 8. Be3
O-O 9. Qd2 Nxd4 10. Bxd4 Bd7 11. Be2 Qa5 12. O-O a6 13. Rfd1 Bc6 14. a3 Qc7 15.
b4 b6 16. Rac1 Qb7 17. a4 Rfc8 18. Kh1 Rab8 19. Qb2 Bh6 20. Bxf6 Bxc1 21. Rxc1
b5 22. axb5 axb5 23. Bd4 bxc4 24. Rb1 Qa6 25. Qc1 Ba8 26. Ra1 Qb7 27. Nd5 1-0

[Event "24. Torneo Colllado Villalba"]
[Site "Collado Villalba ESP"]
[Date "2007.08.23"]
[Round "1.3"]
[White "Clopes Llahi, Judit"]
[Black "Lazarev, Vladimir"]
[Result "0-1"]
[WhiteElo "2020"]
[BlackElo "2498"]
[PlyCount "122"]
[EventDate "2007.08.23"]
[EventType "swiss"]
[EventRounds "9"]
[EventCountry "ESP"]
[Source "lmi"]
[SourceDate "2007.08.23"]

1. e4 c5 2. Nf3 Nc6 3. Bb5 g6 4. O-O Bg7 5. Re1 Nf6 6. e5 Nd5 7. Nc3 Nc7 8.
Bxc6 dxc6 9. h3 O-O 10. d3 b6 11. a4 a5 12. Bd2 Ne6 13. Ne4 h6 14. Ng3 Kh7 15.
Bc3 Ra7 16. Re4 f5 17. exf6 exf6 18. Qe1 Re8 19. Qd2 Rae7 20. b3 Nc7 21. Rae1
Be6 22. Ba1 Bd5 23. Rxe7 Rxe7 24. Rxe7 Qxe7 25. Qe3 Qxe3 26. fxe3 Bxf3 27. gxf3
Nd5 28. Kf2 f5 29. Bxg7 Kxg7 30. Ke2 f4 31. Nf1 Kf6 32. e4 Nc7 33. Nd2 b5 34.
c3 Ne6 35. Nb1 b4 36. cxb4 Nd4+ 37. Kf2 cxb4 38. Nd2 Ke6 39. Kg2 Kf6 40. h4 h5
41. Kf2 g5 42. hxg5+ Kxg5 43. Kg2 Kf6 44. Kh3 c5 45. Kh4 Kg6 46. Kh3 Kg5 47.
Kg2 Nc2 48. Nc4 Ne1+ 49. Kf2 Nxd3+ 50. Kg2 h4 51. e5 Kf5 52. Nxa5 Nxe5 53. Nb7
c4 54. bxc4 b3 55. Nd6+ Ke6 56. Ne4 b2 57. Nc3 Nxc4 58. Nb1 Ke5 59. a5 Nxa5 60.
Kh3 Nc4 61. Kxh4 Kd4 0-1

[Event "24. Torneo Colllado Villalba"]
[Site "Collado Villalba ESP"]
[Date "2007.08.23"]
[Round "1.5"]
[White "Heras Cuenca, Miguel Angel"]
[Black "Babaev, Rashad"]
[Result "0-1"]
[WhiteElo "2014"]
[BlackElo "2488"]
[PlyCount "92"]
[EventDate "2007.08.23"]
[EventType "swiss"]
[EventRounds "9"]
[EventCountry "ESP"]
[Source "lmi"]
[SourceDate "2007.08.23"]

1. d4 Nf6 2. c4 g6 3. Nc3 Bg7 4. e4 d6 5. f4 O-O 6. Nf3 c5 7. d5 e6 8. Be2 exd5
9. cxd5 Bg4 10. O-O Nbd7 11. h3 Bxf3 12. Bxf3 a6 13. a4 Rb8 14. Re1 Ne8 15. Qc2
b5 16. axb5 axb5 17. Ra6 Bd4+ 18. Kh2 Rb6 19. Ra7 Nc7 20. Be3 Bxe3 21. Rxe3 b4
22. Ne2 Nb5 23. Ra5 Rb8 24. Ra6 Rb6 25. Ra5 Nd4 26. Nxd4 cxd4 27. Re1 Qf6 28.
g3 d3 29. Qxd3 Qxb2+ 30. Qe2 Qxe2+ 31. Rxe2 b3 32. Rb2 Rc8 33. Bd1 Rc1 34. Ra8+
Kg7 35. Rxb3 Rxd1 36. Rxb6 Nxb6 37. Rd8 Nc4 38. Kg2 Kf6 39. Rd7 h5 40. g4 hxg4
41. hxg4 g5 42. fxg5+ Kg6 43. Re7 Ne5 44. Re8 Kxg5 45. Rg8+ Kf4 46. g5 Rd2+ 0-1

[Event "24. Torneo Colllado Villalba"]
[Site "Collado Villalba ESP"]
[Date "2007.08.23"]
[Round "1.6"]
[White "Moreno Ruiz, Javier"]
[Black "Barahona Torrijos, Angel"]
[Result "1-0"]
[WhiteElo "2466"]
[BlackElo "2014"]
[PlyCount "97"]
[EventDate "2007.08.23"]
[EventType "swiss"]
[EventRounds "9"]
[EventCountry "ESP"]
[Source "lmi"]
[SourceDate "2007.08.23"]

1. d4 d5 2. c4 e6 3. Nf3 Nf6 4. g3 Bb4+ 5. Bd2 Bxd2+ 6. Nbxd2 Nc6 7. Bg2 dxc4
8. Nxc4 Qd5 9. Rc1 O-O 10. O-O Ne4 11. a3 f5 12. e3 Bd7 13. Nfd2 Be8 14. Nxe4
fxe4 15. Nd2 Bh5 16. Bxe4 Bxd1 17. Bxd5 exd5 18. Rfxd1 Rf7 19. Nb3 Raf8 20. Rd2
Nd8 21. Nc5 c6 22. b4 g5 23. Kg2 h5 24. h3 Re7 25. a4 Nf7 26. Nd3 Nd6 27. Ne5
Rf6 28. Rb2 a6 29. f3 Nf7 30. Nxf7 Kxf7 31. Rc3 Ke8 32. b5 cxb5 33. axb5 axb5
34. Rxb5 Rc6 35. Rxc6 bxc6 36. Rb8+ Kf7 37. Kf2 Ra7 38. Rb2 Ke6 39. Rc2 Kd6 40.
g4 hxg4 41. hxg4 Re7 42. Rc1 Rh7 43. Kg3 Re7 44. Rc3 Re8 45. f4 gxf4+ 46. exf4
Re4 47. Rd3 Ke6 48. Kf3 Re1 49. Re3+ 1-0

[Event "24. Torneo Colllado Villalba"]
[Site "Collado Villalba ESP"]
[Date "2007.08.23"]
[Round "1.7"]
[White "Zanoletti Garcia, David"]
[Black "Guliev, Logman"]
[Result "0-1"]
[WhiteElo "2009"]
[BlackElo "2454"]
[PlyCount "54"]
[EventDate "2007.08.23"]
[EventType "swiss"]
[EventRounds "9"]
[EventCountry "ESP"]
[Source "lmi"]
[SourceDate "2007.08.23"]

1. d4 Nf6 2. c4 e6 3. Nf3 Bb4+ 4. Nbd2 O-O 5. a3 Be7 6. Qc2 d5 7. e3 Nbd7 8.
Bd3 c5 9. O-O h6 10. cxd5 exd5 11. Nh4 Re8 12. Nf5 Bf8 13. dxc5 Nxc5 14. Bb5
Bd7 15. Bxd7 Qxd7 16. b4 Na4 17. Nb1 a5 18. b5 Qxb5 19. Nc3 Nxc3 20. Qxc3 Rac8
21. Qd4 Rc2 22. Nxh6+ gxh6 23. Qxf6 Bg7 24. Qf5 Rec8 25. e4 Bxa1 26. Bxh6 Bg7
27. Qg5 Qb2 0-1

[Event "24. Torneo Colllado Villalba"]
[Site "Collado Villalba ESP"]
[Date "2007.08.23"]
[Round "1.8"]
[White "Saldaño Dayer, Horacio"]
[Black "Pardo Robles, Jose Manuel"]
[Result "1-0"]
[WhiteElo "2451"]
[BlackElo "2005"]
[PlyCount "65"]
[EventDate "2007.08.23"]
[EventType "swiss"]
[EventRounds "9"]
[EventCountry "ESP"]
[Source "lmi"]
[SourceDate "2007.08.23"]

1. e4 c5 2. Nf3 d6 3. d4 cxd4 4. Nxd4 Nf6 5. Nc3 g6 6. Be3 Bg7 7. f3 O-O 8. Qd2
Nc6 9. Bc4 Bd7 10. O-O-O Rc8 11. Bb3 Ne5 12. Kb1 Nc4 13. Bxc4 Rxc4 14. g4 a6
15. b3 Rc8 16. Nd5 e6 17. Nxf6+ Qxf6 18. h4 Bc6 19. h5 d5 20. hxg6 Qxg6 21. Bh6
dxe4 22. Bxg7 Kxg7 23. Nf5+ exf5 24. gxf5 Qxf5 25. Rdg1+ Kh8 26. Rg5 Qxg5 27.
Qxg5 f6 28. Qf5 Rc7 29. fxe4 Re7 30. Rh4 Rff7 31. Kb2 Re5 32. Rxh7+ Rxh7 33.
Qxf6+ 1-0

[Event "24. Torneo Colllado Villalba"]
[Site "Collado Villalba ESP"]
[Date "2007.08.23"]
[Round "1.9"]
[White "De Nacimiento Montaño, Angel"]
[Black "Roa Alonso, Santiago"]
[Result "0-1"]
[WhiteElo "1999"]
[BlackElo "2445"]
[PlyCount "78"]
[EventDate "2007.08.23"]
[EventType "swiss"]
[EventRounds "9"]
[EventCountry "ESP"]
[Source "lmi"]
[SourceDate "2007.08.23"]

1. e4 e5 2. Nf3 Nc6 3. Bb5 a6 4. Ba4 Nf6 5. O-O Be7 6. Re1 b5 7. Bb3 d6 8. c3
O-O 9. a3 a5 10. h3 a4 11. Bc2 Na5 12. d4 Nd7 13. Nbd2 c5 14. b4 axb3 15. Nxb3
Nxb3 16. Bxb3 Qc7 17. Rb1 Nb6 18. dxc5 dxc5 19. Bd5 Ra5 20. Be3 Na4 21. Qc1 c4
22. Rd1 Nc5 23. Bxc5 Bxc5 24. Qg5 Re8 25. Qh5 h6 26. g4 Be6 27. Nxe5 g6 28.
Nxg6 Qg3+ 29. Kh1 Qf3+ 30. Kh2 Qxf2+ 31. Kh1 Qf3+ 32. Kh2 Qe2+ 33. Kh1 Rxa3 34.
Qxh6 Qf3+ 35. Kh2 Ra2+ 36. Rd2 Rxd2+ 37. Qxd2 fxg6 38. Qg5 Bd6+ 39. e5 Qe2+ 0-1

[Event "24. Torneo Colllado Villalba"]
[Site "Collado Villalba ESP"]
[Date "2007.08.23"]
[Round "1.10"]
[White "Barria Zuñiga, Daniel"]
[Black "Avendaño Mateos, Jose"]
[Result "1-0"]
[WhiteElo "2427"]
[BlackElo "1998"]
[PlyCount "67"]
[EventDate "2007.08.23"]
[EventType "swiss"]
[EventRounds "9"]
[EventCountry "ESP"]
[Source "lmi"]
[SourceDate "2007.08.23"]

1. d4 d5 2. c4 c6 3. Nf3 e6 4. Bg5 Be7 5. Bxe7 Nxe7 6. e3 Nd7 7. Nc3 Ng6 8. Qc2
a6 9. Rd1 O-O 10. Bd3 Nb6 11. b3 f5 12. h4 Ne7 13. h5 h6 14. Ne2 Bd7 15. c5
Nbc8 16. Nf4 Rf6 17. Ke2 b6 18. b4 a5 19. a3 Qc7 20. Ne5 b5 21. Rdg1 axb4 22.
axb4 Ra4 23. Qb2 Be8 24. Ra1 Rxa1 25. Qxa1 Kh8 26. f3 Qa7 27. Qb2 Ng8 28. g4
Nge7 29. Rg1 fxg4 30. fxg4 Qb8 31. Rh1 Kg8 32. Bb1 Kf8 33. Rf1 Qc7 34. Nxe6+
1-0

[Event "24. Torneo Colllado Villalba"]
[Site "Collado Villalba ESP"]
[Date "2007.08.23"]
[Round "1.11"]
[White "Perez Cameselle, Francisco"]
[Black "Minzer, Claudio Javier"]
[Result "0-1"]
[WhiteElo "1996"]
[BlackElo "2410"]
[PlyCount "90"]
[EventDate "2007.08.23"]
[EventType "swiss"]
[EventRounds "9"]
[EventCountry "ESP"]
[Source "lmi"]
[SourceDate "2007.08.23"]

1. Nf3 c5 2. g3 g6 3. c3 Nf6 4. d4 Qc7 5. Bg2 Bg7 6. O-O O-O 7. Bf4 d6 8. dxc5
Qxc5 9. Nbd2 Nc6 10. e4 Qh5 11. Nd4 Bg4 12. f3 Bd7 13. Be3 Qa5 14. N2b3 Qc7 15.
Nxc6 bxc6 16. Qd2 Rab8 17. c4 Be6 18. Rac1 c5 19. e5 Nd7 20. exd6 exd6 21. f4
Rb6 22. h3 Qc8 23. Na5 Re8 24. Kh2 Rxb2 25. Rc2 Rxc2 26. Qxc2 Qa6 27. Bd2 Bf5
28. Qc1 Rb8 29. Re1 Nf8 30. Bc3 Rb1 31. Qd2 Bxc3 32. Qxc3 Rxe1 33. Qxe1 Be6 34.
Qc3 h5 35. Bb7 Qb6 36. Be4 Qc7 37. Nb3 Qe7 38. Nd2 Nd7 39. Bf3 Nf6 40. Qd3 Bf5
41. Qe2 Kf8 42. Kg2 Qd7 43. h4 Qa4 44. Nf1 Bb1 45. Qb2 Qxa2 0-1

[Event "24. Torneo Colllado Villalba"]
[Site "Collado Villalba ESP"]
[Date "2007.08.23"]
[Round "1.12"]
[White "Ortiz Suarez, Isam"]
[Black "De Nacimiento Montaño, Antonio"]
[Result "1-0"]
[WhiteElo "2390"]
[BlackElo "1992"]
[PlyCount "83"]
[EventDate "2007.08.23"]
[EventType "swiss"]
[EventRounds "9"]
[EventCountry "ESP"]
[Source "lmi"]
[SourceDate "2007.08.23"]

1. e4 c5 2. Nf3 d6 3. d4 cxd4 4. Nxd4 Nf6 5. Nc3 g6 6. Be3 Bg7 7. f3 O-O 8. Qd2
Nc6 9. Nb3 a5 10. a4 Be6 11. O-O-O Rc8 12. Kb1 Bxb3 13. cxb3 Nd7 14. Bh6 Nc5
15. Bc4 Ne5 16. h4 Nxc4 17. bxc4 Nb3 18. Qe3 e6 19. Bxg7 Kxg7 20. e5 Rxc4 21.
h5 Rh4 22. Ne4 Nc5 23. exd6 Nxe4 24. fxe4 e5 25. h6+ Kg8 26. Rhf1 Qd7 27. Qg5
Qg4 28. Qxe5 Qxe4+ 29. Qxe4 Rxe4 30. Rfe1 Rxe1 31. Rxe1 Rd8 32. Re7 Kf8 33.
Rxb7 Rxd6 34. Rb5 Rd1+ 35. Ka2 Rh1 36. Rxa5 Rxh6 37. Rb5 Rh2 38. a5 Rxg2 39. a6
Rg4 40. Ra5 Rc4 41. a7 Rc8 42. Rb5 1-0

[Event "24. Torneo Colllado Villalba"]
[Site "Collado Villalba ESP"]
[Date "2007.08.23"]
[Round "1.13"]
[White "Gordillo Lopez, Manuel"]
[Black "Gallardo Garcia, Andres"]
[Result "0-1"]
[WhiteElo "1991"]
[BlackElo "2352"]
[PlyCount "72"]
[EventDate "2007.08.23"]
[EventType "swiss"]
[EventRounds "9"]
[EventCountry "ESP"]
[Source "lmi"]
[SourceDate "2007.08.23"]

1. d4 d5 2. Bg5 h6 3. Bh4 c6 4. e3 Qb6 5. Qc1 Bf5 6. Nf3 Nd7 7. Nbd2 e6 8. c4
a5 9. c5 Qa7 10. Bg3 b6 11. cxb6 Qxb6 12. Be2 Ngf6 13. O-O Be7 14. Ne5 Nxe5 15.
Bxe5 O-O 16. Nf3 Nd7 17. Rd1 Rfc8 18. Bd3 Bg4 19. Rd2 Bxf3 20. gxf3 c5 21. Rc2
Nxe5 22. dxe5 f6 23. exf6 Bxf6 24. Rb1 a4 25. e4 c4 26. f4 Qd4 27. Bf1 Qxe4 28.
Re2 Qf5 29. Re3 Qxf4 30. Bh3 Re8 31. Qe1 e5 32. b3 axb3 33. axb3 cxb3 34. Rbxb3
e4 35. Bd7 Red8 36. Rb7 Rxd7 0-1

[Event "24. Torneo Colllado Villalba"]
[Site "Collado Villalba ESP"]
[Date "2007.08.23"]
[Round "1.14"]
[White "Granero Roca, Antonio"]
[Black "Rodrigo Yanguas, Maria"]
[Result "1-0"]
[WhiteElo "2348"]
[BlackElo "1988"]
[PlyCount "85"]
[EventDate "2007.08.23"]
[EventType "swiss"]
[EventRounds "9"]
[EventCountry "ESP"]
[Source "lmi"]
[SourceDate "2007.08.23"]

1. Nf3 f5 2. c4 Nf6 3. b3 g6 4. Bb2 Bg7 5. d4 d6 6. Nbd2 O-O 7. e3 Qe8 8. b4 h6
9. Qb3 Nbd7 10. c5+ Kh8 11. Be2 e5 12. cxd6 e4 13. Ne5 cxd6 14. Nxd7 Bxd7 15.
Rc1 d5 16. O-O Bb5 17. Bxb5 Qxb5 18. Rc5 Qe2 19. Qc2 Qa6 20. Rc1 Qd6 21. Qb3 f4
22. exf4 Qxf4 23. Qe3 Qd6 24. h3 Nh5 25. Rc7 Nf4 26. Rxb7 Rac8 27. Nb3 Nd3 28.
Rxc8 Rxc8 29. Ba3 Qa6 30. Na5 Rf8 31. b5 Qxa5 32. Bxf8 Bxf8 33. Qg3 Qe1+ 34.
Kh2 Qxf2 35. Qxf2 Nxf2 36. Kg1 e3 37. Kf1 Bb4 38. Ke2 Bd2 39. Rxa7 Ne4 40. b6
Nc3+ 41. Kd3 Be1 42. b7 Bg3 43. Ra8+ 1-0

[Event "24. Torneo Colllado Villalba"]
[Site "Collado Villalba ESP"]
[Date "2007.08.23"]
[Round "1.15"]
[White "Rodriguez Robles, Ignacio"]
[Black "Madina Yadarola, Martin"]
[Result "0-1"]
[WhiteElo "1982"]
[BlackElo "2344"]
[PlyCount "63"]
[EventDate "2007.08.23"]
[EventType "swiss"]
[EventRounds "9"]
[EventCountry "ESP"]
[Source "lmi"]
[SourceDate "2007.08.23"]

1. e4 c5 2. Nf3 e6 3. d4 cxd4 4. Nxd4 a6 5. Nc3 Ne7 6. g3 Nbc6 7. Bg2 Nxd4 8.
Qxd4 Nc6 9. Qd1 Bb4 10. Bd2 O-O 11. O-O b5 12. e5 Rb8 13. Qg4 Bxc3 14. Bxc3 b4
15. Bd4 d5 16. exd6 e5 17. Qe4 Nxd4 18. Qxe5 Qb6 19. Rad1 Nc6 20. Qe4 Bd7 21.
Rd2 Rfe8 22. Qf4 Re6 23. Bd5 Rf6 24. Qe4 Re8 25. Qc4 Kf8 26. Rfd1 Ne5 27. Qc7
Qxd6 28. Qa7 Bg4 29. f4 Nc6 30. Qxa6 Bxd1 31. Rxd1 Qc5+ 32. Kh1 0-1

[Event "24. Torneo Colllado Villalba"]
[Site "Collado Villalba ESP"]
[Date "2007.08.23"]
[Round "1.16"]
[White "Elissalt Cardenas, Hector"]
[Black "Camarero Izquierdo, Juan Carlos"]
[Result "1-0"]
[WhiteElo "2329"]
[BlackElo "1981"]
[PlyCount "89"]
[EventDate "2007.08.23"]
[EventType "swiss"]
[EventRounds "9"]
[EventCountry "ESP"]
[Source "lmi"]
[SourceDate "2007.08.23"]

1. d4 d5 2. Nf3 Nf6 3. e3 Bg4 4. c4 e6 5. Qb3 Bxf3 6. Qxb7 Nbd7 7. gxf3 dxc4 8.
Bxc4 Bd6 9. Nc3 O-O 10. Qc6 Rb8 11. f4 Nb6 12. Bb3 Nbd5 13. Bd2 Rb6 14. Qc4 Qa8
15. Rg1 a5 16. Na4 Rc6 17. Qd3 Nb4 18. Bxb4 Bxb4+ 19. Ke2 Rd8 20. Qb5 Bf8 21.
Rg5 Rcd6 22. Qxa5 Ra6 23. Qe5 Nd7 24. Qb5 h6 25. Rg3 Ra5 26. Qc4 c5 27. Rag1
cxd4 28. Rd1 Rh5 29. Rxd4 Nf6 30. Nb6 Qb8 31. Rxd8 Qxd8 32. Qd4 Qc7 33. Na4 Nd5
34. Nc3 Ne7 35. Bc2 Rxh2 36. Be4 Rh5 37. a4 Nf5 38. Bxf5 Rxf5 39. Rg1 e5 40.
Qe4 Rh5 41. Nd5 Qd6 42. f5 f6 43. Qc4 Kh7 44. e4 Qb8 45. Nxf6+ 1-0

[Event "24. Torneo Colllado Villalba"]
[Site "Collado Villalba ESP"]
[Date "2007.08.23"]
[Round "1.18"]
[White "Safranska, Anda"]
[Black "Ortega Morales, Pedro"]
[Result "1/2-1/2"]
[WhiteElo "2301"]
[BlackElo "1976"]
[PlyCount "107"]
[EventDate "2007.08.23"]
[EventType "swiss"]
[EventRounds "9"]
[EventCountry "ESP"]
[Source "lmi"]
[SourceDate "2007.08.23"]

1. Nf3 d5 2. g3 Nf6 3. Bg2 e6 4. O-O Be7 5. d3 O-O 6. Nbd2 c5 7. e4 Nc6 8. Re1
dxe4 9. dxe4 e5 10. c3 Qc7 11. h3 h6 12. Qe2 Rd8 13. Nh4 Nh7 14. Nf5 Bg5 15.
Ne3 Be6 16. h4 Bxe3 17. Qxe3 c4 18. Qe2 Na5 19. Nf1 Rd7 20. Ne3 Rad8 21. Nf5
Kh8 22. Be3 b5 23. h5 Nc6 24. Rad1 Rxd1 25. Rxd1 Rxd1+ 26. Qxd1 a6 27. Qg4 f6
28. Qd1 Qd7 29. Qxd7 Bxd7 30. Nd6 Kg8 31. f3 Ng5 32. Kf2 Nf7 33. Nb7 Nfd8 34.
Nc5 Bc8 35. a4 Kf7 36. axb5 axb5 37. b4 Ke7 38. Bf1 Kf7 39. Be2 Ke7 40. f4 Nf7
41. f5 Ng5 42. Bg4 Nd8 43. Bd1 Kf7 44. Bc2 Ke7 45. Ke2 Kf7 46. Kf1 Nb7 47. Ke2
Nd6 48. Bd2 Ke7 49. Ke3 Ndf7 50. Be1 Nd8 51. Bd1 Kd6 52. Bc2 Nb7 53. Nxb7+ Bxb7
54. Bf2 1/2-1/2

[Event "24. Torneo Colllado Villalba"]
[Site "Collado Villalba ESP"]
[Date "2007.08.23"]
[Round "1.19"]
[White "Arauz Alonso, Fernando"]
[Black "Solaesa Navalpotro, Luis Julio"]
[Result "0-1"]
[WhiteElo "1967"]
[BlackElo "2291"]
[PlyCount "40"]
[EventDate "2007.08.23"]
[EventType "swiss"]
[EventRounds "9"]
[EventCountry "ESP"]
[Source "lmi"]
[SourceDate "2007.08.23"]

1. d4 Nf6 2. Nf3 g6 3. b3 Bg7 4. Bb2 O-O 5. Nbd2 d6 6. e3 c5 7. Be2 Nc6 8. c4
a6 9. O-O Rb8 10. Rc1 Qc7 11. a3 e5 12. Qc2 Re8 13. Qb1 exd4 14. Ng5 dxe3 15.
fxe3 Qe7 16. Nde4 Bf5 17. Rxf5 gxf5 18. Nxf6+ Bxf6 19. Qxf5 Qxe3+ 20. Qf2 Bxb2
0-1

[Event "24. Torneo Colllado Villalba"]
[Site "Collado Villalba ESP"]
[Date "2007.08.23"]
[Round "1.20"]
[White "Rubio Mejia, Luis Ignacio"]
[Black "Greciano Raiskila, Miguel Cristia"]
[Result "1-0"]
[WhiteElo "2270"]
[BlackElo "1961"]
[PlyCount "95"]
[EventDate "2007.08.23"]
[EventType "swiss"]
[EventRounds "9"]
[EventCountry "ESP"]
[Source "lmi"]
[SourceDate "2007.08.23"]

1. d4 d5 2. c4 c6 3. Nf3 e6 4. e3 Nf6 5. Nc3 Nbd7 6. Qc2 Be7 7. b3 O-O 8. Bb2
b6 9. Bd3 Bb7 10. O-O c5 11. cxd5 exd5 12. Ne5 Bd6 13. Nb5 Be7 14. Bf5 h6 15.
Rfd1 a6 16. Nc3 cxd4 17. Nxd7 dxc3 18. Nxf6+ Bxf6 19. Bxc3 Bxc3 20. Qxc3 Qg5
21. Bh3 Rab8 22. Rd4 Bc8 23. Bxc8 Rfxc8 24. Qd2 Rd8 25. Rd1 Rbc8 26. g3 Qf6 27.
Qd3 b5 28. e4 Qc6 29. exd5 Qc2 30. Qf3 Rc3 31. Qf4 Qxa2 32. d6 Qxb3 33. d7 Rc4
34. Qe5 Qa4 35. Qe8+ Kh7 36. Qxd8 Rxd4 37. Rxd4 Qxd4 38. Qe8 Qd1+ 39. Kg2 Qd5+
40. f3 Qa2+ 41. Kh3 Qf2 42. Qe4+ g6 43. d8=Q Qf1+ 44. Kh4 Qf2 45. h3 Qc5 46.
Qed5 Qb4+ 47. f4 g5+ 48. Kh5 1-0

[Event "24. Torneo Colllado Villalba"]
[Site "Collado Villalba ESP"]
[Date "2007.08.23"]
[Round "1.21"]
[White "Hernandez Yañez, Javier"]
[Black "Rodriguez Gonzalez, Javier"]
[Result "0-1"]
[WhiteElo "1959"]
[BlackElo "2261"]
[PlyCount "34"]
[EventDate "2007.08.23"]
[EventType "swiss"]
[EventRounds "9"]
[EventCountry "ESP"]
[Source "lmi"]
[SourceDate "2007.08.23"]

1. d4 d5 2. c4 e6 3. Nc3 c5 4. e3 Nf6 5. Nf3 Nc6 6. a3 a6 7. dxc5 Bxc5 8. b4
Be7 9. Bb2 O-O 10. Qc2 Qc7 11. Be2 dxc4 12. Bxc4 b5 13. Bd3 Bb7 14. O-O Rac8
15. Rad1 h6 16. Qb1 Ng4 17. Ne4 f5 0-1

[Event "24. Torneo Colllado Villalba"]
[Site "Collado Villalba ESP"]
[Date "2007.08.23"]
[Round "1.22"]
[White "De La Fuente Gonzalez, Francisco"]
[Black "Sanchez-Alarcos Galian, Victor"]
[Result "1-0"]
[WhiteElo "2230"]
[BlackElo "1958"]
[PlyCount "79"]
[EventDate "2007.08.23"]
[EventType "swiss"]
[EventRounds "9"]
[EventCountry "ESP"]
[Source "lmi"]
[SourceDate "2007.08.23"]

1. c4 Nf6 2. Nc3 e5 3. g3 Bc5 4. Bg2 Nc6 5. d3 h6 6. Nf3 d6 7. O-O a6 8. Nd5
Bd7 9. Be3 Nd4 10. b4 Nxf3+ 11. Bxf3 Bxe3 12. fxe3 c6 13. Nxf6+ gxf6 14. Be4
Be6 15. Bf5 Ke7 16. Qe1 h5 17. Qf2 Rh6 18. e4 Bxf5 19. Qe3 Rg6 20. exf5 Rg5 21.
d4 Rg4 22. Rad1 Qb6 23. c5 Qxb4 24. dxe5 dxe5 25. Rb1 Re4 26. Rxb4 Rxe3 27.
Rxb7+ Ke8 28. Kf2 Rc3 29. Rd1 Rd8 30. Rxd8+ Kxd8 31. Rxf7 Rxc5 32. Rxf6 Kd7 33.
Rh6 Rc2 34. Rxh5 Rxa2 35. g4 Ra4 36. Kg3 Re4 37. g5 a5 38. g6 Ke7 39. g7 Kf7
40. f6 1-0

[Event "24. Torneo Colllado Villalba"]
[Site "Collado Villalba ESP"]
[Date "2007.08.23"]
[Round "1.23"]
[White "Martinez Alvira, Santiago"]
[Black "Peñalosa Pinilla, Jesus"]
[Result "1/2-1/2"]
[WhiteElo "1955"]
[BlackElo "2207"]
[PlyCount "131"]
[EventDate "2007.08.23"]
[EventType "swiss"]
[EventRounds "9"]
[EventCountry "ESP"]
[Source "lmi"]
[SourceDate "2007.08.23"]

1. e4 c5 2. Nf3 d6 3. d4 cxd4 4. Nxd4 Nf6 5. Nc3 a6 6. Bc4 e6 7. Bb3 b5 8. O-O
Be7 9. f4 O-O 10. e5 dxe5 11. fxe5 Bc5 12. Be3 Nc6 13. exf6 Bxd4 14. Bxd4 Qxd4+
15. Qxd4 Nxd4 16. fxg7 Kxg7 17. Ne4 Bb7 18. Nc5 Bc6 19. c3 Nxb3 20. axb3 a5 21.
Rf4 Rfd8 22. Raf1 Rf8 23. Rg4+ Kh8 24. Rgf4 Kg7 25. h3 h5 26. g4 Rae8 27. g5
Re7 28. Kf2 Rc8 29. b4 a4 30. h4 Bd5 31. Ke3 Ra8 32. Rf6 Bc4 33. R1f4 a3 34.
bxa3 Rxa3 35. Rxc4 bxc4 36. Kd4 e5+ 37. Kxc4 e4 38. Rf2 Ra1 39. Re2 Kf8 40.
Rxe4 Rxe4+ 41. Nxe4 Rh1 42. b5 Rxh4 43. Kd5 Ke8 44. Nd6+ Kd7 45. Nxf7 Rh1 46.
c4 h4 47. c5 Rd1+ 48. Ke4 h3 49. Ne5+ Ke6 50. Nf3 Rb1 51. b6 Rb3 52. g6 Kf6 53.
Nh2 Kxg6 54. Kd5 Rb2 55. Nf3 Rb3 56. Nh2 Kf5 57. c6 Rb5+ 58. Kd6 Rxb6 59. Kd7
Kf4 60. c7 Rb7 61. Kd8 Rxc7 62. Kxc7 Kg3 63. Nf1+ Kf2 64. Nh2 Kg2 65. Ng4 Kg3
66. Ne3 1/2-1/2

[Event "24. Torneo Colllado Villalba"]
[Site "Collado Villalba ESP"]
[Date "2007.08.23"]
[Round "1.24"]
[White "Pastor Alonso De Prado, Alberto"]
[Black "Herrero Corada, Jose Ignacio"]
[Result "1-0"]
[WhiteElo "2183"]
[BlackElo "1942"]
[PlyCount "55"]
[EventDate "2007.08.23"]
[EventType "swiss"]
[EventRounds "9"]
[EventCountry "ESP"]
[Source "lmi"]
[SourceDate "2007.08.23"]

1. e4 c6 2. d4 d5 3. e5 Bf5 4. a3 e6 5. c4 c5 6. dxc5 Bxc5 7. b4 Qh4 8. bxc5
Bxb1 9. Rxb1 Qe4+ 10. Be3 d4 11. Qa4+ Nc6 12. Rxb7 Nge7 13. Be2 dxe3 14. Bf3
exf2+ 15. Kxf2 Qd4+ 16. Kf1 O-O 17. Bxc6 Nxc6 18. Qxc6 Qd1+ 19. Kf2 Rad8 20.
Qe4 Rd2+ 21. Kg3 Ra2 22. Qb1 Qd2 23. Qe4 Qg5+ 24. Kh3 Rd8 25. g3 Rad2 26. Nf3
Qh5+ 27. Nh4 R2d4 28. Qxd4 1-0

[Event "24. Torneo Colllado Villalba"]
[Site "Collado Villalba ESP"]
[Date "2007.08.23"]
[Round "1.25"]
[White "Marcos Herrero, Francisco"]
[Black "Prada Lopez, Miguel  Angel"]
[Result "0-1"]
[WhiteElo "1940"]
[BlackElo "2171"]
[PlyCount "76"]
[EventDate "2007.08.23"]
[EventType "swiss"]
[EventRounds "9"]
[EventCountry "ESP"]
[Source "lmi"]
[SourceDate "2007.08.23"]

1. e4 c5 2. Nc3 Nc6 3. g3 g6 4. Bg2 Bg7 5. d3 e6 6. Be3 d6 7. f4 Nge7 8. Nf3
O-O 9. O-O Nd4 10. e5 dxe5 11. fxe5 Rb8 12. Qd2 Nef5 13. Bg5 Nxf3+ 14. Rxf3
Qd4+ 15. Kh1 Bxe5 16. Re1 Bg7 17. Re4 Qd7 18. g4 Nd6 19. Rh3 Nxe4 20. Nxe4 f6
21. Bxf6 b6 22. Bxg7 Qxg7 23. g5 Qxb2 24. Qe1 Bb7 25. Nf6+ Rxf6 26. gxf6 Qxf6
27. Re3 Bxg2+ 28. Kxg2 Re8 29. c4 e5 30. Qe2 Kg7 31. a4 Qc6+ 32. Kg3 h5 33. h4
Qd6 34. Re4 Rd8 35. Kf2 Qxd3 36. Rxe5 Qxe2+ 37. Kxe2 Kf7 38. Re4 Re8 0-1